| 000 | 01267nam1a22002891 4500 | ||
|---|---|---|---|
| 001 | rc\1189597 | ||
| 005 | 20060320171507.5 | ||
| 035 | _a(NLR Aleph) 005974338 | ||
| 090 |
_a6963543 _c6963543 |
||
| 100 | _a20060320g19809999u |0rusy50 ca | ||
| 101 | 0 | _arus | |
| 102 | _aRU | ||
| 105 | _ay ||||||||| | ||
| 200 | 1 |
_aСовременные проблемы колебаний механических систем _eБиблиогр. указ. отеч. и зарубеж. лит. за 1969-1974 гг. _e[В 2 т. _fСост. Е.О. Вильдт, Л.С. Рубина, Е.П. Куропаткина] |
|
| 210 |
_aМ. _cБЕН АН СССР _d1980- |
||
| 215 | _d20 | ||
| 300 | _aСост. указаны на обороте тит. л. | ||
| 300 | _aВ надзаг.: АН СССР, Ин-т машиноведения им. А.А. Благонравова, Б-ка по естеств. наукам, Б-ка техн. лит. | ||
| 700 | 1 |
_aВильдт _bЕ. О. |
|
| 701 | 1 |
_aРубина _bЛ. С. |
|
| 701 | 1 |
_aКуропаткина _bЕ. П. |
|
| 712 | 0 | 2 |
_aАН СССР _bБ-ка по естественным наукам _3RU\NLR\AUTH\8811546 |
| 801 | 0 |
_aRU _bNLR _gpsbo |
|
| 801 | 1 |
_aRU _bELAR _2rusmarc |
|
| 852 |
_aNLR _bС _jК-1/888 |
||
| 942 | _cBOOK | ||
| 980 | _aNB | ||